Liczby po Włosku do dwudziestu - Statystyki

Ogólne statystyki
  • Ten quiz został rozwiązany 1 475 razy
  • Średni wynik to 17 z 20
Statystyki odpowiedzi
Liczby Liczby po Włosku % Poprawnych
1 uno
100%
3 tre
99%
4 quattro
97%
2 due
96%
8 otto
91%
6 sei
91%
7 sette
90%
5 cinque
89%
9 nove
88%
10 dieci
87%
13 tredici
83%
11 undici
83%
12 dodici
80%
20 venti
76%
14 quattordici
72%
16 sedici
72%
18 diciotto
70%
15 quindici
69%
17 diciassette
68%
19 diciannove
66%
Nie znaleziono quizów pasujących do podanych kryteriów
Rozkład punktacji
Procent ludzi z każdym wynikiem
Percentyl według liczby udzielonych odpowiedzi
Twoja historia wyników
Nie rozwiązałeś tego quizu